U.S. Navy aircraft nicknames - Statistics

General Stats
  • This quiz has been taken 92 times
  • The average score is 10 of 20
Answer Stats
Hint Answer % Correct
F/A-18 Super Hornet
89%
F-35 Lightning/Joint strike fighter
87%
C-130/C-130J Hercules/Super hercules
79%
V-22 Osprey
78%
E-2 Hawkeye
72%
EA-18 Growler
64%
F-5 Tiger/freedom fighter
63%
T-38 Talon
61%
P-8 Poseidon
55%
T-6 Texan
54%
EP-3 Orion
53%
P-3 Orion
53%
SH-60 Sea hawk
51%
C-2 Greyhound
47%
CH-53 Super stallion
43%
E-6 Mercury
29%
C-40 Clipper
22%
DHC-3 Otter
18%
C-26 Metroliner
13%
T-45 Goshhawk
4%
No matching quizzes found
Score Distribution
Percent of People with Each Score
Percentile by Number Answered
Your Score History
You have not taken this quiz